| 000 | 00566cam a22001697a 4500 | ||
|---|---|---|---|
| 008 | 180718b2006 xxu||||| |||| 00| 0 eng d | ||
| 082 | _aAPPPA/2005/06/KHU/24 | ||
| 100 | _aKhurana, Sunita H. | ||
| 245 |
_aEconomic empowerment of women and falling sex-ratio in Punjab _cby Sunita H. Khurana |
||
| 260 |
_aNew Delhi _bIndian Institute of Public Administration _c2006 |
||
| 300 | _a97p. | ||
| 500 | _aAn APPPA M.Phil dissertation, 2005-06 (Guide: Prof. Dolly Arora) | ||
| 650 | _aSex-ratio-Punjab | ||
| 650 | _awomen | ||
| 650 | _aEmpowerment | ||
| 650 | _aEconomic | ||
| 999 |
_c493399 _d493399 |
||